<The> PIMS principles linking strategy to performance

Saved in:
Bibliographic Details
Main Author: Buzzell, Robert D.
Other Authors: Gale, Bradley T.
Format: Book
Language:English
Published: New York The Free Press 1987
Subjects:
Tags: Add Tag
No Tags, Be the first to tag this record!

MARC

LEADER 00000nam a2200000 4500
001 c101237
005 20221123135648.5
020 |a 0-02-904430-8 
041 0 |a eng 
044 |a US 
245 1 0 |a <The> PIMS principles  |b linking strategy to performance  |c Robert D. Buzzell, Bradley T. Gale 
264 1 |a New York  |b The Free Press  |c 1987 
300 |a 322 s. 
610 2 0 |a zisk 
610 2 0 |a stratégia marketingová 
610 2 0 |a trh 
610 2 0 |a stratégia obchodná 
610 2 0 |a portfólio 
610 2 0 |a plánovanie 
610 2 0 |a kvalita 
610 2 0 |a kapitál 
610 2 0 |a pracovníci riadiaci 
610 2 0 |a konkurencia 
100 1 |a Buzzell, Robert D. 
700 1 |a Gale, Bradley T.